000
00307nam a2200145Ia 4500
008
230312s9999||||xx |||||||||||||| ||und||
082
_a
936.3
_b
BER-F
100
_a
Bertelsmann
245
0
_a
Facts about Germany
260
_c
1985
300
_a
415
546
_a
Eng.
650
_a
Literature
942
_c
BK
999
_c
6016
_d
6016